Visualizzazione normale
Vista MARC
- Jesus Christ
di Personal Name
Records bibliografici associati: 1
001 - CONTROL NUMBER
- control field: 36034
003 - CONTROL NUMBER IDENTIFIER
- control field: IT-RoPau
005 - DATE AND TIME OF LATEST TRANSACTION
- control field: 20151002161029.0
008 - FIXED-LENGTH DATA ELEMENTS
- fixed length control field: 151002|| aca||aabn | a|a d
040 ## - CATALOGING SOURCE
- Original cataloging agency: IT-RoPau
- Transcribing agency: IT-RoPau
100 ## - HEADING--PERSONAL NAME
- Personal name: Jesus Christ
- General subdivision: Art.
670 ## - SOURCE DATA FOUND
- Source citation: Work cat.: (IT-RoPau)108554: Sgarbi, Vittorio. 36033, Nel nome del figlio :, 2012.